| 000 | 00549pam a2200205 a 4500 | ||
|---|---|---|---|
| 020 | _a0195889983 : | ||
| 040 | _cDLC | ||
| 082 | 0 | 0 | _a394 OUP 1992 C149 Or. |
| 100 | 1 | _aPiper, Jake. | |
| 245 | 1 | 0 |
_aBamboo and rattan : _btraditional uses and beliefs / |
| 260 |
_aSingapore ; _aNew York : _bOxford University Press, _c1992. |
||
| 300 |
_axi, 88 p. : _bill. (some col.), maps ; _c20 cm. |
||
| 650 | 0 | _aBamboo | |
| 650 | 0 | _aRattan | |
| 650 | 0 | _aBamboo | |
| 650 | 0 | _aRattan | |
| 650 | 0 | _aEthnobotany | |
| 650 | 0 | _aMaterial culture | |
| 942 | _cAEDBB | ||
| 999 |
_c18623 _d18623 |
||